[Event "WYCC 2018 G14"]
[Site "Halkidiki"]
[Date "2018.10.29"]
[Round "10"]
[White "Lomaia, Diana"]
[Black "Djordjevic, Nevena"]
[Result "1/2-1/2"]
[WhiteElo "1876"]
[BlackElo "1704"]
[Annotator "NA"]
[PlyCount "110"]
[EventDate "2018.10.20"]
[EventType "swiss"]
[EventCountry "GRE"]
[SourceTitle "playchess.com"]
[Source "ChessBase"]
[SourceQuality "1"]
[TimeControl "40/5400+30:1800+30"]

1. e4 {[%emt 0:00:00]} c5 {[%emt 0:00:00]} 2. Nf3 {[%emt 0:00:00]} e6 {[%emt 0:00:00]} 3. d4 {[%emt 0:00:02]} cxd4 {[%emt 0:00:00]} 4. Nxd4 {[%emt 0:00:06]} Nc6 {[%emt 0:00:00]} 5. Nb5 {[%emt 0:00:43]} d6 {[%emt 0:00:00]} 6. c4 {[%emt 0:00:15]} Nf6 {[%emt 0:00:09]} 7. N1c3 {[%emt 0:00:19]} a6 {[%emt 0:00:12]} 8. Na3 {[%emt 0:00:23]} Qa5 {[%emt 0:01:03]} 9. Bd3 {[%emt 0:17:40]} Ne5 {[%emt 0:00:43]} 10. f4 {[%emt 0:20:26]} Nxd3+ {[%emt 0:06:27]} 11. Qxd3 {[%emt 0:00:10]} d5 {[%emt 0:23:39]} 12. e5 {[%emt 0:08:35]} Ne4 {[%emt 0:04:31]} 13. Nc2 {[%emt 0:12:35]} Nxc3 {[%emt 0:03:21]} 14. bxc3 {[%emt 0:01:26]} dxc4 {[%emt 0:01:38]} 15. Qxc4 Bd7 {[%emt 0:03:00]} 16. Bd2 {[%emt 0:09:59]} Rc8 {[%emt 0:04:12]} 17. Qb3 {[%emt 0:03:16]} Bc6 {[%emt 0:06:23]} 18. O-O {[%emt 0:04:40]} Qd5 {[%emt 0:07:05]} 19. Qxd5 {[%emt 0:00:29]} Bxd5 {[%emt 0:00:05]} 20. h3 {[%emt 0:08:39]} Bc5+ 21. Kh2 Ke7 {[%emt 0:09:43]} 22. Rfc1 {[%emt 0:05:30]} Rhd8 {[%emt 0:02:16]} 23. Nd4 {[%emt 0:02:53]} Be4 {[%emt 0:02:48]} 24. Re1 {[%emt 0:02:21]} Bxd4 {[%emt 0:01:04]} 25. cxd4 {[%emt 0:00:12]} Rxd4 {[%emt 0:00:41]} 26. Be3 {[%emt 0:00:12]} Ra4 {[%emt 0:04:14]} 27. Re2 {[%emt 0:00:46]} Rc3 {[%emt 0:01:26]} 28. a3 {[%emt 0:01:20]} Ke8 {[%emt 0:03:22]} 29. Bc1 {[%emt 0:00:34]} b5 {[%emt 0:02:25]} 30. Bb2 {[%emt 0:00:14]} Rcc4 {[%emt 0:02:18]} 31. Rc1 {[%emt 0:00:27]} Bd5 {[%emt 0:02:11]} 32. Rxc4 {[%emt 0:00:41]} Rxc4 {[%emt 0:01:03]} 33. g3 {[%emt 0:00:57]} Kd7 34. Rd2 {[%emt 0:00:06]} Kc6 {[%emt 0:01:30]} 35. Kg1 {[%emt 0:00:05]} a5 36. Kf2 {[%emt 0:00:02]} b4 {[%emt 0:03:20]} 37. axb4 {[%emt 0:00:38]} Rxb4 {[%emt 0:03:22]} 38. Bc3 Rb3 {[%emt 0:00:29]} 39. Bxa5 {[%emt 0:02:07]} Rf3+ 40. Kg1 Rxg3+ {[%emt 0:00:00]} 41. Kh2 {[%emt 0:00:56]} Rf3 {[%emt 0:02:44]} 42. Rc2+ {[%emt 0:05:22]} Kb5 {[%emt 0:00:45]} 43. Bd2 {[%emt 0:01:19]} Rf2+ {[%emt 0:02:08]} 44. Kg3 {[%emt 0:01:27]} Rg2+ {[%emt 0:00:47]} 45. Kh4 {[%emt 0:00:03]} h6 {[%emt 0:03:19]} 46. Rb2+ {[%emt 0:02:00]} Kc4 {[%emt 0:00:36]} 47. Bc1 {[%emt 0:00:13]} Rg1 {[%emt 0:02:35]} 48. Be3 {[%emt 0:00:44]} Rf1 {[%emt 0:02:19]} 49. Rf2 {[%emt 0:05:00]} Re1 {[%emt 0:01:50]} 50. Bd2 {[%emt 0:01:25]} Rd1 {[%emt 0:00:37]} 51. Ba5 {[%emt 0:01:02]} Kd3 {[%emt 0:02:14]} 52. Bb4 {[%emt 0:01:52]} Ke4 {[%emt 0:02:29]} 53. Rg2 {[%emt 0:05:00]} g6 {[%emt 0:04:23]} 54. Rf2 {[%emt 0:03:40]} Rc1 {[%emt 0:04:31]} 55. Bf8 {[%emt 0:02:00]} h5 {[%emt 0:01:58]} 1/2-1/2

[Event "WYCC 2018 G14"]
[Site "Halkidiki"]
[Date "2018.10.29"]
[Round "10"]
[White "Kasaeva, Sofiia"]
[Black "Alimova, Sevinch"]
[Result "1-0"]
[WhiteElo "1874"]
[BlackElo "1596"]
[Annotator "NA"]
[PlyCount "119"]
[EventDate "2018.10.20"]
[EventType "swiss"]
[EventCountry "GRE"]
[SourceTitle "playchess.com"]
[Source "ChessBase"]
[SourceQuality "1"]
[TimeControl "40/5400+30:1800+30"]

1. e4 {[%emt 0:00:00]} c5 {[%emt 0:00:00]} 2. Nf3 {[%emt 0:00:00]} Nc6 {[%emt 0:00:00]} 3. d4 {[%emt 0:00:00]} cxd4 {[%emt 0:00:00]} 4. Nxd4 {[%emt 0:00:00]} e5 {[%emt 0:00:22]} 5. Nb5 {[%emt 0:00:24]} a6 {[%emt 0:00:36]} 6. Nd6+ {[%emt 0:00:36]} Bxd6 {[%emt 0:00:28]} 7. Qxd6 {[%emt 0:00:05]} Qf6 {[%emt 0:00:38]} 8. Qd2 {[%emt 0:00:17]} Nge7 {[%emt 0:04:35]} 9. c4 {[%emt 0:04:51]} Qg6 {[%emt 0:03:50]} 10. f3 {[%emt 0:00:50]} O-O {[%emt 0:00:41]} 11. Bd3 {[%emt 0:01:20]} d6 {[%emt 0:01:25]} 12. O-O {[%emt 0:01:20]} f5 {[%emt 0:05:25]} 13. exf5 {[%emt 0:20:43]} Bxf5 {[%emt 0:00:30]} 14. Bxf5 {[%emt 0:01:30]} Nxf5 {[%emt 0:04:31]} 15. Nc3 {[%emt 0:01:33]} Nfd4 {[%emt 0:06:12]} 16. Qd1 {[%emt 0:06:48]} Rf7 {[%emt 0:06:36]} 17. Bd2 {[%emt 0:03:02]} Raf8 {[%emt 0:05:14]} 18. Kh1 {[%emt 0:02:54]} Nf5 {[%emt 0:14:41]} 19. Qe1 {[%emt 0:08:11]} Ncd4 {[%emt 0:03:12]} 20. Rc1 {[%emt 0:01:20]} Ne6 {[%emt 0:13:43]} 21. Nd5 {[%emt 0:05:55]} Nc5 {[%emt 0:08:05]} 22. Rb1 {[%emt 0:15:21]} Nd4 {[%emt 0:06:58]} 23. Qh4 {[%emt 0:05:22]} Nf5 {[%emt 0:03:32]} 24. Qe1 {[%emt 0:05:16]} Nd3 {[%emt 0:02:05]} 25. Qe2 {[%emt 0:01:26]} Nh4 {[%emt 0:04:56]} 26. Be3 {[%emt 0:05:36]} Kh8 {[%emt 0:02:51]} 27. Nc3 {[%emt 0:03:50]} Nf4 {[%emt 0:01:01]} 28. Bxf4 {[%emt 0:00:19]} exf4 {[%emt 0:00:29]} 29. Nd5 {[%emt 0:01:19]} Qh6 {[%emt 0:01:19]} 30. Kg1 {[%emt 0:01:07]} Nf5 {[%emt 0:00:12]} 31. Qf2 {[%emt 0:00:59]} Re8 {[%emt 0:00:32]} 32. Rfe1 {[%emt 0:00:24]} Rff8 {[%emt 0:00:21]} 33. Rxe8 {[%emt 0:01:11]} Rxe8 {[%emt 0:00:03]} 34. Re1 {[%emt 0:00:08]} Qg6 {[%emt 0:00:23]} 35. Nxf4 {[%emt 0:00:24]} Qf7 {[%emt 0:00:56]} 36. Rxe8+ {[%emt 0:00:18]} Qxe8 {[%emt 0:00:04]} 37. Qe2 {[%emt 0:00:50]} Qxe2 {[%emt 0:00:29]} 38. Nxe2 {[%emt 0:00:03]} Kg8 {[%emt 0:00:50]} 39. Kf2 {[%emt 0:00:34]} Kf7 {[%emt 0:00:09]} 40. g4 {[%emt 0:00:00]} Ne7 {[%emt 0:00:00]} 41. Nc3 {[%emt 0:06:38]} Ke6 {[%emt 0:01:04]} 42. Ke3 {[%emt 0:00:54]} Nc6 {[%emt 0:00:38]} 43. f4 {[%emt 0:00:37]} g6 {[%emt 0:02:12]} 44. Nd5 {[%emt 0:02:52]} a5 {[%emt 0:01:16]} 45. b3 {[%emt 0:02:16]} Nd8 {[%emt 0:01:02]} 46. Ke4 {[%emt 0:00:52]} Nf7 {[%emt 0:01:22]} 47. f5+ gxf5+ {[%emt 0:00:30]} 48. gxf5+ {[%emt 0:00:16]} Kd7 {[%emt 0:00:06]} 49. Nf6+ {[%emt 0:00:06]} Ke7 {[%emt 0:00:09]} 50. Nxh7 {[%emt 0:00:21]} Ne5 {[%emt 0:00:23]} 51. h4 {[%emt 0:02:17]} Ng4 {[%emt 0:00:28]} 52. Kf4 {[%emt 0:00:34]} Nh6 {[%emt 0:00:11]} 53. Kg5 {[%emt 0:00:50]} Nf7+ {[%emt 0:00:15]} 54. Kg6 {[%emt 0:00:32]} Ne5+ {[%emt 0:01:11]} 55. Kg7 {[%emt 0:00:12]} Nf7 {[%emt 0:00:19]} 56. f6+ {[%emt 0:00:14]} Ke8 {[%emt 0:00:09]} 57. Ng5 {[%emt 0:00:11]} Ne5 {[%emt 0:00:19]} 58. f7+ {[%emt 0:00:06]} Nxf7 {[%emt 0:00:04]} 59. Nxf7 {[%emt 0:00:04]} Ke7 {[%emt 0:00:04]} 60. h5 {[%emt 0:00:08]} 1-0

[Event "WYCC 2018 G14"]
[Site "Halkidiki"]
[Date "2018.10.29"]
[Round "10"]
[White "Behzad Nazif, Parva"]
[Black "Mironenko, Galina"]
[Result "1-0"]
[WhiteElo "1859"]
[BlackElo "2053"]
[Annotator "NA"]
[PlyCount "85"]
[EventDate "2018.10.20"]
[EventType "swiss"]
[EventCountry "GRE"]
[SourceTitle "playchess.com"]
[Source "ChessBase"]
[SourceQuality "1"]
[TimeControl "40/5400+30:1800+30"]

1. d4 {[%emt 0:00:00]} Nf6 {[%emt 0:00:00]} 2. c4 {[%emt 0:00:00]} e6 {[%emt 0:00:00]} 3. Nc3 {[%emt 0:00:00]} Bb4 {[%emt 0:00:00]} 4. e3 {[%emt 0:00:00]} O-O {[%emt 0:00:00]} 5. Nge2 {[%emt 0:00:00]} c6 {[%emt 0:00:00] E46: Nimzo-Indian: Rubinstein: 4 e3 0-0 5 Ne2 without early Bd3} (5... Re8 6. a3 Bf8 7. d5 d6 8. g3 exd5 9. cxd5 c5 10. Bg2 Nbd7 11. O-O c4 12. Nd4 Nc5 13. Qe2 Nd3 14. b3 Nxc1 15. Rfxc1 cxb3 {½-½ (74) Caruana,F (2822)-So,W (2780) Saint Louis 2018}) 6. a3 {[%emt 0:00:07] LiveBook: 286 Games} Ba5 {[%emt 0:00:04]} 7. b4 {[%emt 0:00:07]} Bc7 {[%emt 0:00:05]} 8. e4 {[%emt 0:00:24]} d6 {[%emt 0:00:09]} 9. Ng3 {[%emt 0:03:02]} a5 {[%emt 0:00:32]} 10. b5 {[%emt 0:02:44]} e5 {[%emt 0:05:05]} 11. Be2 {[%emt 0:04:45]} Re8 $146 {[%emt 0:06:10]} ({Predecessor:} 11... exd4 12. Qxd4 Nbd7 13. Bb2 {½-½ (42) Oparin,G (2565)-Padmini,R (2427) Gibraltar 2016}) 12. O-O {[%emt 0:02:59]} Nbd7 {[%emt 0:07:35]} 13. Be3 {[%emt 0:01:50]} Nf8 {[%emt 0:14:17]} 14. Rb1 {[%emt 0:12:32]} exd4 {[%emt 0:13:00]} 15. Bxd4 {[%emt 0:01:47]} N8d7 {[%emt 0:03:25]} 16. bxc6 {[%emt 0:05:05]} bxc6 {[%emt 0:00:33]} 17. Qa4 $16 {[%emt 0:00:20]} c5 {[%emt 0:12:23]} 18. Be3 {[%emt 0:00:14]} Ne5 {[%emt 0:00:17]} 19. Rfd1 {[%emt 0:01:33]} Bd7 {[%emt 0:00:47]} 20. Qc2 {[%emt 0:01:25]} Nfg4 {[%emt 0:04:47]} 21. Bc1 {[%emt 0:05:26]} Nf6 {[%emt 0:12:02]} 22. h3 {[%emt 0:02:41]} a4 {[%emt 0:03:30]} 23. Nb5 {[%emt 0:04:17]} Bc6 {[%emt 0:03:20]} 24. Be3 {[%emt 0:04:37]} Ned7 {[%emt 0:01:14]} 25. Nxd6 {[%emt 0:09:38]} Bxd6 {[%emt 0:03:11]} 26. Rxd6 {[%emt 0:00:06]} Bxe4 {[%emt 0:00:44]} 27. Nxe4 {[%emt 0:01:37]} Nxe4 {[%emt 0:00:16]} 28. Rdd1 {[%emt 0:01:25]} Qc7 {[%emt 0:01:39]} 29. Bf3 {[%emt 0:00:40]} Ndf6 {[%emt 0:00:43]} 30. Rb5 {[%emt 0:01:46]} Qe5 {[%emt 0:01:45]} 31. Re1 {[%emt 0:06:13]} Qc7 {[%emt 0:04:02]} 32. Reb1 {[%emt 0:05:32]} Qe5 {[%emt 0:01:07]} 33. Qb2 {[%emt 0:01:45]} Qe6 {[%emt 0:02:24]} 34. Rc1 {[%emt 0:05:23]} Rac8 {[%emt 0:00:53]} 35. Qc2 {[%emt 0:01:08]} Qa6 {[%emt 0:00:36]} 36. Qb1 {[%emt 0:04:48]} Qd6 {[%emt 0:00:38]} 37. Ra5 {[%emt 0:01:48]} Rb8 {[%emt 0:00:40]} 38. Qc2 {[%emt 0:01:02]} Qe5 {[%emt 0:00:28]} 39. Qxa4 {[%emt 0:01:32]} Rb2 {[%emt 0:00:33]} 40. Bxe4 {[%emt 0:00:00]} Nxe4 {[%emt 0:00:00]} 41. Bd4 {[%emt 0:03:24]} Ng3 {[%emt 0:13:03]} 42. Bxe5 {[%emt 0:00:31]} Ne2+ {[%emt 0:00:06]} 43. Kh2 {[%emt 0:00:13]} 1-0

[Event "WYCC 2018 G14"]
[Site "Halkidiki"]
[Date "2018.10.29"]
[Round "10"]
[White "Velea, Anne-Marie"]
[Black "Nurgali, Nazerke"]
[Result "0-1"]
[WhiteElo "1859"]
[BlackElo "2263"]
[Annotator "NA"]
[PlyCount "116"]
[EventDate "2018.10.20"]
[EventType "swiss"]
[EventCountry "GRE"]
[SourceTitle "playchess.com"]
[Source "ChessBase"]
[SourceQuality "1"]
[TimeControl "40/5400+30:1800+30"]

1. e4 {[%emt 0:00:00]} c6 {[%emt 0:00:00]} 2. d4 {[%emt 0:00:00]} d5 {[%emt 0:00:00]} 3. exd5 {[%emt 0:00:00]} cxd5 {[%emt 0:00:00]} 4. Bd3 {[%emt 0:00:00]} Nc6 {[%emt 0:00:14]} 5. c3 {[%emt 0:00:00] LiveBook: 2416 Games} Nf6 {[%emt 0:00:21]} 6. Bf4 {[%emt 0:00:08]} g6 {[%emt 0:00:16]} 7. Nf3 {[%emt 0:00:16]} Bg7 {[%emt 0:00:17]} 8. Nbd2 {[%emt 0:00:50]} O-O {[%emt 0:00:48]} 9. O-O {[%emt 0:00:07]} Bf5 {[%emt 0:01:24]} 10. Bxf5 {[%emt 0:00:41]} gxf5 {[%emt 0:00:04]} 11. Ne5 {[%emt 0:00:27]} e6 {[%emt 0:02:35] B13: Caro-Kann: Exchange Variation and Panov-Botvinnik Attack} 12. Nxc6 {[%emt 0:04:34]} (12. Nd3 Kh8 13. h3 Rg8 14. Kh1 Ne4 15. f3 Nxd2 16. Qxd2 Ne7 17. g4 Ng6 18. gxf5 Nxf4 19. Qxf4 {½-½ (34) Kovalev,V (2636)-Popov,I (2609) Sochi 2017}) 12... bxc6 {[%emt 0:00:05]} 13. Be5 {[%emt 0:03:16]} Kh8 $146 {[%emt 0:04:55]} ({Predecessor:} 13... Ne4 14. Bxg7 Kxg7 15. Nxe4 fxe4 16. Qg4+ Kh8 17. f3 f5 18. Qf4 Qe7 19. Rae1 {½-½ (39) Angelov,B (2077)-Pantev,V (2387) Plovdiv 2011}) 14. Bxf6 {[%emt 0:08:17]} Bxf6 {[%emt 0:00:29]} 15. f4 {[%emt 0:02:22]} Rg8 {[%emt 0:00:38]} 16. Qh5 {[%emt 0:00:28]} Rg6 {[%emt 0:01:14]} 17. Nf3 {[%emt 0:02:30]} Qg8 {[%emt 0:00:58]} 18. Rf2 {[%emt 0:02:07]} Qg7 {[%emt 0:01:38]} 19. Ne5 {[%emt 0:01:33]} Bxe5 {[%emt 0:01:12]} 20. fxe5 {[%emt 0:01:47]} Rg8 {[%emt 0:01:14]} 21. Qf3 {[%emt 0:05:20]} Rg4 {[%emt 0:01:11]} 22. Re1 {[%emt 0:05:48]} Qh6 {[%emt 0:01:52]} 23. Kh1 {[%emt 0:05:17]} Rh4 {[%emt 0:01:49]} 24. g3 {[%emt 0:04:00]} Rhg4 {[%emt 0:03:12]} 25. Rg2 {[%emt 0:09:41]} R8g6 {[%emt 0:04:29]} ({Black should try} 25... f4 $17) 26. b4 {[%emt 0:10:48]} Qh3 $17 {[%emt 0:07:54]} 27. Reg1 {[%emt 0:06:37]} f4 {[%emt 0:17:16]} 28. Qf2 {[%emt 0:05:11]} h6 {[%emt 0:04:19]} 29. a3 {[%emt 0:12:19]} Rxg3 {[%emt 0:04:09]} 30. Rxg3 {[%emt 0:00:12]} fxg3 {[%emt 0:00:08]} 31. Rxg3 {[%emt 0:00:15]} Rxg3 {[%emt 0:00:17]} 32. Qxg3 {[%emt 0:00:18]} Qf1+ {[%emt 0:00:05]} 33. Qg1 {[%emt 0:00:07]} Qf3+ {[%emt 0:00:03]} 34. Qg2 {[%emt 0:00:04]} Qxc3 {[%emt 0:00:12]} 35. Qf2 {[%emt 0:00:38]} Kg8 {[%emt 0:04:38]} 36. Qf4 {[%emt 0:03:15]} Qa1+ {[%emt 0:04:03]} 37. Kg2 {[%emt 0:00:18]} Qb2+ {[%emt 0:00:09]} 38. Kf1 {[%emt 0:04:52]} Qb1+ {[%emt 0:01:02]} 39. Ke2 {[%emt 0:00:40]} Qc2+ {[%emt 0:00:25]} 40. Ke1 {[%emt 0:00:00]} Qg6 {[%emt 0:00:00]} 41. Ke2 {[%emt 0:02:06]} Kg7 {[%emt 0:02:16]} 42. Kf3 {[%emt 0:06:39]} Qg5 {[%emt 0:02:41]} 43. h4 {[%emt 0:00:55]} Qxf4+ {[%emt 0:06:38]} 44. Kxf4 {[%emt 0:00:05]} Kg6 {[%emt 0:00:03]} 45. Kg4 {[%emt 0:15:03]} f5+ {[%emt 0:01:53]} 46. exf6 {[%emt 0:00:19]} Kxf6 {[%emt 0:00:04]} 47. Kf4 {[%emt 0:00:29]} h5 {[%emt 0:00:27]} 48. a4 {[%emt 0:00:12]} a6 {[%emt 0:00:04]} 49. a5 {[%emt 0:00:14]} e5+ {[%emt 0:00:12]} 50. dxe5+ {[%emt 0:01:34]} Ke6 {[%emt 0:00:03]} 51. Kg5 {[%emt 0:00:58]} Kxe5 {[%emt 0:00:07]} 52. Kxh5 {[%emt 0:00:05]} Kf5 {[%emt 0:00:13]} 53. Kh6 {[%emt 0:00:05]} d4 {[%emt 0:00:06]} 54. h5 {[%emt 0:00:03]} Kf6 {[%emt 0:00:51]} 55. Kh7 {[%emt 0:00:06]} d3 {[%emt 0:00:13]} 56. h6 {[%emt 0:00:08]} d2 {[%emt 0:00:11]} 57. Kg8 {[%emt 0:00:05]} d1=Q {[%emt 0:00:07]} 58. h7 {[%emt 0:00:02]} Qd8# {[%emt 0:00:07]} 0-1

[Event "WYCC 2018 G14"]
[Site "Halkidiki"]
[Date "2018.10.29"]
[Round "10"]
[White "Tamrazyan, Gohar"]
[Black "Kostina, Veronika"]
[Result "1-0"]
[WhiteElo "1824"]
[BlackElo "1700"]
[Annotator "NA"]
[PlyCount "159"]
[EventDate "2018.10.20"]
[EventType "swiss"]
[EventCountry "GRE"]
[SourceTitle "playchess.com"]
[Source "ChessBase"]
[SourceQuality "1"]
[TimeControl "40/5400+30:1800+30"]

1. Nf3 {[%emt 0:00:00]} d5 {[%emt 0:00:00]} 2. e3 {[%emt 0:00:00]} c5 {[%emt 0:00:11]} 3. c4 {[%emt 0:00:00]} e6 {[%emt 0:00:43]} 4. d4 {[%emt 0:00:00]} Nc6 {[%emt 0:00:44]} 5. cxd5 {[%emt 0:05:59]} exd5 {[%emt 0:01:57]} 6. Bb5 {[%emt 0:05:54]} Nf6 {[%emt 0:05:54]} 7. O-O {[%emt 0:04:30]} Be6 {[%emt 0:04:32]} 8. Nc3 {[%emt 0:04:33]} Be7 {[%emt 0:08:50]} 9. dxc5 {[%emt 0:04:11]} Bxc5 {[%emt 0:02:17]} 10. Na4 {[%emt 0:03:02]} Bd6 {[%emt 0:05:20]} 11. Bxc6+ {[%emt 0:08:25]} bxc6 {[%emt 0:00:50]} 12. Qc2 {[%emt 0:01:26]} Rc8 {[%emt 0:08:36]} 13. Nc5 {[%emt 0:01:23]} Qe7 {[%emt 0:06:34]} 14. b4 {[%emt 0:01:26]} O-O {[%emt 0:10:47]} 15. Bb2 {[%emt 0:02:42]} Bxc5 {[%emt 0:13:45]} 16. Bxf6 {[%emt 0:02:36]} gxf6 {[%emt 0:02:57]} 17. Qxc5 {[%emt 0:00:41]} Qxc5 {[%emt 0:01:33]} 18. bxc5 {[%emt 0:00:01]} Bf5 {[%emt 0:02:25]} 19. Nd4 {[%emt 0:00:33]} Bg6 {[%emt 0:01:48]} 20. Rac1 {[%emt 0:08:27]} Rc7 {[%emt 0:02:39]} 21. Rc3 {[%emt 0:03:28]} Rb8 {[%emt 0:01:00]} 22. Rb3 {[%emt 0:00:49]} Rxb3 {[%emt 0:00:06]} 23. axb3 {[%emt 0:00:13]} Kf8 {[%emt 0:04:09]} 24. Ra1 {[%emt 0:05:18]} Ke7 {[%emt 0:00:53]} 25. Ra4 {[%emt 0:02:28]} Kd7 {[%emt 0:04:01]} 26. Rb4 {[%emt 0:01:39]} Kc8 {[%emt 0:01:34]} 27. f3 {[%emt 0:04:18]} f5 {[%emt 0:02:55]} 28. f4 {[%emt 0:01:49]} Kd7 {[%emt 0:02:05]} 29. Kf2 {[%emt 0:02:14]} Rc8 {[%emt 0:02:49]} 30. Rb7+ {[%emt 0:00:17]} Rc7 {[%emt 0:00:09]} 31. Rxc7+ {[%emt 0:00:33]} Kxc7 {[%emt 0:00:01]} 32. b4 {[%emt 0:02:43]} h6 {[%emt 0:01:01]} 33. Ke1 {[%emt 0:00:52]} Kb7 {[%emt 0:00:35]} 34. Kd2 {[%emt 0:00:19]} Kc7 {[%emt 0:02:48]} 35. Kc3 {[%emt 0:00:40]} Kb7 {[%emt 0:00:13]} 36. Kb3 {[%emt 0:00:34]} Bh7 {[%emt 0:00:15]} 37. Ka4 {[%emt 0:00:11]} Bg6 {[%emt 0:00:47]} 38. Ka5 {[%emt 0:01:30]} Bh7 {[%emt 0:00:33]} 39. g3 {[%emt 0:00:27]} Bg6 {[%emt 0:00:21]} 40. h4 {[%emt 0:00:00]} h5 {[%emt 0:00:00]} 41. Nf3 {[%emt 0:06:41]} Bh7 {[%emt 0:05:19]} 42. Ne5 {[%emt 0:06:21]} Bg6 {[%emt 0:00:11]} 43. Nd7 {[%emt 0:00:11]} Kc7 {[%emt 0:04:39]} 44. Nf6 {[%emt 0:00:19]} Kb7 {[%emt 0:00:39]} 45. Ne8 {[%emt 0:00:04]} f6 {[%emt 0:05:37]} 46. Nd6+ {[%emt 0:01:14]} Kc7 {[%emt 0:01:56]} 47. Ka6 {[%emt 0:01:13]} Kb8 {[%emt 0:00:10]} 48. b5 {[%emt 0:02:49]} cxb5 {[%emt 0:01:26]} 49. Nxb5 {[%emt 0:04:15]} Be8 {[%emt 0:01:33]} 50. Nd4 {[%emt 0:01:47]} Bd7 {[%emt 0:00:49]} 51. c6 {[%emt 0:00:56]} Bc8+ {[%emt 0:03:01]} 52. Kb5 {[%emt 0:00:21]} Kc7 {[%emt 0:01:00]} 53. Kc5 {[%emt 0:00:28]} a6 {[%emt 0:00:48]} 54. Nc2 {[%emt 0:02:01]} a5 {[%emt 0:01:59]} 55. Nd4 {[%emt 0:00:51]} a4 {[%emt 0:01:44]} 56. Nb5+ {[%emt 0:00:29]} Kb8 {[%emt 0:00:48]} 57. Kb4 {[%emt 0:01:09]} Be6 {[%emt 0:01:30]} 58. Kxa4 {[%emt 0:00:16]} d4 {[%emt 0:01:53]} 59. exd4 {[%emt 0:01:16]} Bd5 {[%emt 0:00:31]} 60. c7+ {[%emt 0:00:10]} Kb7 {[%emt 0:01:20]} 61. Kb4 {[%emt 0:01:42]} Bc6 {[%emt 0:00:49]} 62. Nd6+ {[%emt 0:00:53]} Kxc7 {[%emt 0:00:16]} 63. Nxf5 {[%emt 0:00:22]} Bf3 {[%emt 0:00:51]} 64. Kc5 {[%emt 0:00:14]} Kd7 {[%emt 0:00:43]} 65. d5 {[%emt 0:00:48]} Be4 {[%emt 0:01:07]} 66. Ng7 {[%emt 0:01:11]} Bf3 {[%emt 0:01:09]} 67. Nf5 {[%emt 0:07:02]} Be4 {[%emt 0:00:38]} 68. Ne3 {[%emt 0:00:18]} f5 {[%emt 0:01:15]} 69. Nc4 {[%emt 0:00:18]} Bg2 {[%emt 0:00:43]} 70. Kd4 {[%emt 0:00:39]} Be4 {[%emt 0:00:31]} 71. Ke5 {[%emt 0:00:13]} Ke7 {[%emt 0:00:42]} 72. Ne3 {[%emt 0:00:18]} Kd7 {[%emt 0:00:25]} 73. Nxf5 {[%emt 0:00:10]} Bc2 {[%emt 0:00:14]} 74. Ng7 {[%emt 0:00:22]} Bd1 {[%emt 0:00:11]} 75. f5 {[%emt 0:00:27]} Ke7 {[%emt 0:00:47]} 76. f6+ {[%emt 0:00:23]} Kf7 {[%emt 0:00:17]} 77. d6 {[%emt 0:00:23]} Bg4 {[%emt 0:00:24]} 78. Nxh5 {[%emt 0:00:09]} Ke8 {[%emt 0:01:27]} 79. Ng7+ {[%emt 0:00:23]} Kf7 {[%emt 0:00:30]} 80. h5 {[%emt 0:00:10]} 1-0

[Event "WYCC 2018 G14"]
[Site "Halkidiki"]
[Date "2018.10.29"]
[Round "10"]
[White "Kouta, Antonia"]
[Black "Hernandez Guerra, Luna Yue"]
[Result "1/2-1/2"]
[WhiteElo "1812"]
[BlackElo "1659"]
[Annotator "NA"]
[PlyCount "140"]
[EventDate "2018.10.20"]
[EventType "swiss"]
[EventCountry "GRE"]
[SourceTitle "playchess.com"]
[Source "ChessBase"]
[SourceQuality "1"]
[TimeControl "40/5400+30:1800+30"]

1. e4 {[%emt 0:00:00]} e6 {[%emt 0:00:00]} 2. d4 {[%emt 0:00:00]} d5 {[%emt 0:00:00]} 3. Nd2 {[%emt 0:00:00]} Be7 {[%emt 0:00:00]} 4. Bd3 {[%emt 0:01:18]} c5 {[%emt 0:00:12]} 5. dxc5 {[%emt 0:02:58]} Nf6 {[%emt 0:00:43]} 6. Qe2 {[%emt 0:05:59]} O-O {[%emt 0:05:09]} 7. Ngf3 {[%emt 0:03:58]} a5 {[%emt 0:01:00]} 8. O-O {[%emt 0:04:45]} Na6 {[%emt 0:01:11]} 9. exd5 {[%emt 0:08:38]} Nxd5 {[%emt 0:04:32]} 10. Ne4 {[%emt 0:06:14]} f5 {[%emt 0:09:59]} 11. Nd6 {[%emt 0:10:15]} Nxc5 {[%emt 0:11:14]} 12. Nxc8 {[%emt 0:01:15]} Rxc8 {[%emt 0:00:39]} 13. Bb5 {[%emt 0:02:08]} Qc7 {[%emt 0:07:41]} 14. a3 {[%emt 0:11:46]} Bf6 {[%emt 0:03:38]} 15. Rb1 {[%emt 0:02:49]} Kh8 {[%emt 0:03:44]} 16. Re1 {[%emt 0:03:19]} Qb6 {[%emt 0:10:19]} 17. Bd3 {[%emt 0:12:25]} Nxd3 {[%emt 0:01:59]} 18. Qxd3 {[%emt 0:00:42]} Rfd8 {[%emt 0:02:36]} 19. Qb3 {[%emt 0:01:58]} Qc6 {[%emt 0:10:31]} 20. c3 {[%emt 0:00:56]} a4 {[%emt 0:01:09]} 21. Qc2 {[%emt 0:00:43]} h6 {[%emt 0:00:54]} 22. Qe2 {[%emt 0:03:24]} Re8 {[%emt 0:01:37]} 23. Ne5 {[%emt 0:00:33]} Qc7 {[%emt 0:01:59]} 24. Bd2 {[%emt 0:00:49]} Rcd8 {[%emt 0:01:20]} 25. Rbd1 {[%emt 0:02:44]} Bxe5 {[%emt 0:00:50]} 26. Qxe5 {[%emt 0:00:05]} Qxe5 {[%emt 0:00:05]} 27. Rxe5 {[%emt 0:00:04]} Nb6 {[%emt 0:00:34]} 28. Ree1 {[%emt 0:01:50]} Nc4 {[%emt 0:00:24]} 29. Bc1 {[%emt 0:00:13]} e5 {[%emt 0:00:24]} 30. Kf1 {[%emt 0:00:50]} Kg8 {[%emt 0:00:44]} 31. Ke2 {[%emt 0:00:43]} Kf7 {[%emt 0:01:03]} 32. Rxd8 Rxd8 {[%emt 0:01:09]} 33. Rd1 {[%emt 0:06:01]} Rxd1 {[%emt 0:00:23]} 34. Kxd1 {[%emt 0:00:04]} f4 {[%emt 0:02:20]} 35. Kc2 {[%emt 0:02:03]} Na5 {[%emt 0:01:00]} 36. c4 {[%emt 0:02:08]} Nxc4 {[%emt 0:01:05]} 37. Kc3 {[%emt 0:00:30]} Na5 {[%emt 0:00:45]} 38. Bd2 {[%emt 0:00:31]} Nb3 {[%emt 0:01:32]} 39. Be1 {[%emt 0:01:17]} Nd4 {[%emt 0:01:39]} 40. Kc4 {[%emt 0:00:00]} Ke6 {[%emt 0:00:00]} 41. Bc3 {[%emt 0:07:11]} f3 {[%emt 0:07:40]} 42. g3 {[%emt 0:05:06]} Nc6 {[%emt 0:07:54]} 43. Kd3 {[%emt 0:12:14]} Kd5 {[%emt 0:01:11]} 44. Ke3 {[%emt 0:01:12]} Nd4 {[%emt 0:00:04]} 45. Kd3 {[%emt 0:00:29]} Nf5 {[%emt 0:01:13]} 46. g4 {[%emt 0:01:44]} e4+ {[%emt 0:00:45]} 47. Kd2 {[%emt 0:00:31]} Nd4 {[%emt 0:00:24]} 48. Ke3 {[%emt 0:00:30]} Ne6 {[%emt 0:00:21]} 49. Bb4 {[%emt 0:02:16]} g6 {[%emt 0:01:36]} 50. Bc3 {[%emt 0:01:16]} Nd8 {[%emt 0:05:01]} 51. Bg7 {[%emt 0:01:31]} Nf7 {[%emt 0:00:26]} 52. Bf8 {[%emt 0:01:00]} Ne5 {[%emt 0:00:17]} 53. h3 {[%emt 0:00:50]} Nc4+ {[%emt 0:01:33]} 54. Kf4 {[%emt 0:00:07]} Nxb2 {[%emt 0:01:27]} 55. Bxh6 {[%emt 0:00:23]} Nc4 {[%emt 0:00:34]} 56. Bf8 {[%emt 0:00:53]} b5 {[%emt 0:00:30]} 57. h4 {[%emt 0:01:48]} Ne5 {[%emt 0:01:14]} 58. Bg7 {[%emt 0:02:24]} Nd3+ {[%emt 0:01:56]} 59. Ke3 {[%emt 0:00:28]} Ne5 {[%emt 0:03:14]} 60. Kf4 {[%emt 0:00:11]} Nc6 {[%emt 0:00:31]} 61. h5 {[%emt 0:00:53]} g5+ {[%emt 0:02:30]} 62. Kg3 {[%emt 0:00:52]} Ne5 {[%emt 0:01:20]} 63. h6 {[%emt 0:00:23]} Ng6 {[%emt 0:00:52]} 64. h7 {[%emt 0:01:01]} Kc4 {[%emt 0:00:09]} 65. Bb2 {[%emt 0:00:36]} Kb3 {[%emt 0:00:29]} 66. Bc1 {[%emt 0:00:15]} Nh8 {[%emt 0:00:33]} 67. Kh2 {[%emt 0:00:57]} Nf7 {[%emt 0:00:18]} 68. Kg3 {[%emt 0:00:28]} Nh8 {[%emt 0:02:26]} 69. Kh2 {[%emt 0:00:08]} Nf7 {[%emt 0:00:50]} 70. Kg3 {[%emt 0:00:04]} Nh8 {[%emt 0:00:10]} 1/2-1/2